One Word 'D' Movies Quiz Stats

Quiz Updated Feb 16, 2016

Challenge
Share
Tweet
Score 0/25 Timer 07:00
0 Plays Today
% Correct
Dracula
99.2%
Dumbo
95.4%
Deadpool
77.3%
Daredevil
75.5%
Dreamgirls
67%
Drive
60.7%
Divergent
57.9%
Dogma
55.5%
Dredd
53.2%
Desperado
50.8%
Doubt
45.1%
Dragnet
41.9%
Deliverance
38.6%
% Correct
Dave
38.5%
Dragonheart
38.4%
Dune
31.5%
Doom
30.5%
Disturbia
30%
Devil
28.3%
Downfall
24%
Defiance
23%
Daylight
19.3%
Disclosure
17.2%
Derailed
10.8%
Dogville
8%

You're not logged in!

Compare scores with friends on all Sporcle quizzes.
Join for Free
OR
Log In

You Might Also Like...

Show Comments

Extras

Top Quizzes Today


Score Distribution

Your Account Isn't Verified!

In order to create a playlist on Sporcle, you need to verify the email address you used during registration. Go to your Sporcle Settings to finish the process.

Report this User

Report this user for behavior that violates our Community Guidelines.

Details: